Queen in the Answers - Statistics

General Stats
  • This quiz has been taken 53,020 times
    24,213 since last reset
  • The average score is 13 of 18
Answer Stats
Clue Queen % Correct
Boss of the hive Queen bee
97%
Australian state Queensland
90%
Tudor queen who defeated the Spanish Armada Queen Elizabeth
89%
"Bloody" queen of England Queen Mary
86%
19th century British queen Queen Victoria
86%
ABBA song: "Young and sweet, only seventeen" Dancing Queen
83%
Person who makes a big deal of everything Drama queen
83%
National anthem of the U.K. from 1952–2022 God Save the Queen
81%
Wonderland queen who says "off with their heads!" Queen of Hearts
73%
Pageant winner Beauty queen
69%
Nickname of the above The {Virgin} Queen
63%
Aretha Franklin's nickname Queen of Soul
61%
Proper British way of speaking, also called received pronunciation Queen's English
60%
Rapper / actress who starred in "Hairspray" in 2007 Queen Latifah
56%
Term for a king's wife who doesn't rule in her own right Queen consort
52%
Nicknamed "The King of Cool", he was the highest paid actor in the 1970s Steve McQueen
49%
Hans Christian Andersen fairy tale which "Frozen" was based on The Snow Queen
44%
Rock band whose name is abbreviated QOTSA Queens of the Stone Age
40%
No matching quizzes found
Score Distribution
Percent of People with Each Score
Percentile by Number Answered
Your Score History
You have not taken this quiz since the last reset